logo

Bir Sreshtho Munshi Abdur Rouf Library
Jhenaidah Cadet College

Educational psychology / (Record no. 7974)

MARC details
000 -LEADER
fixed length control field 00785nam a2200277 a 4500
001 - CONTROL NUMBER
JCCL Control Number 7974
003 - CONTROL NUMBER IDENTIFIER
JCCL marc code BD-JhCC
005 - DATE AND TIME OF LATEST TRANSACTION
control field 20180217102754.0
008 - FIXED-LENGTH DATA ELEMENTS--GENERAL INFORMATION
fixed length control field 500101s1964 nju b 001 0 eng d
035 ## - SYSTEM CONTROL NUMBER
system control number (BD-JhCC)7974
040 ## - CATALOGING SOURCE
Original cataloging agency BD-JhCC
Transcribing agency DLC
Modifying agency BD-JhCC
041 ## - LANGUAGE CODE
Language code of Book eng
050 #0 - LIBRARY OF CONGRESS CALL NUMBER
Classification number LB1051
Item number .G74
082 ## - DEWEY DECIMAL CLASSIFICATION NUMBER
Classification number 370.15
Author mark and Year EDU 1964
100 1# - MAIN ENTRY--PERSONAL NAME
Personal name Green, Donald Ross.
245 10 - TITLE STATEMENT
Title Educational psychology /
Statement of responsibility, etc Donald Ross Green
250 ## - EDITION STATEMENT
Edition statement 3rd ed.
260 ## - PUBLICATION, DISTRIBUTION, ETC. (IMPRINT)
Place of publication, distribution, etc Englewood Cliffs :
Name of publisher, distributor, etc Prentice-Hall,
Date of publication, distribution, etc c1964
300 ## - PHYSICAL DESCRIPTION
Pagination viii, 755 p. :
Other physical details ill. ;
Dimensions 24 cm
490 1# - SERIES STATEMENT
Series statement Foundations of modern psychology series
504 ## - BIBLIOGRAPHY, ETC. NOTE
Bibliography, etc Bibliography: p. 115-116
650 #0 - SUBJECT ADDED ENTRY--TOPICAL TERM
Topical term or geographic name as entry element Educational psychology
830 #0 - SERIES ADDED ENTRY--UNIFORM TITLE
Uniform title Foundations of modern psychology series
942 ## - ADDED ENTRY ELEMENTS (KOHA)
Source of classification or shelving scheme Dewey Decimal Classification
Koha item type Books
Holdings
Source of classification or shelving scheme Damaged status Not for loan Home library Current library Shelving location Date of accession Cost, normal purchase price Total Checkouts Full call number Barcode Date last seen Copy number Koha item type
Dewey Decimal Classification     JCC Rouf Library JCC Rouf Library General Stacks 02/17/2018 14.50   370.15 EDU 1964 10539 02/17/2018 C-1 Books

JCC Library | Contacts | JCC Home

Last Update on 23 September 2017
Copyright @ 2017-2020 JCC Rouf Library
Rouf Library, Jhenidah Cadet College (JCC), Bangladesh